The future of satellite communications / (Record no. 50149)
[ view plain ]
| 000 -LEADER | |
|---|---|
| fixed length control field | 01104nam a2200313 4500 |
| 001 - CONTROL NUMBER | |
| control field | 50149 |
| 003 - CONTROL NUMBER IDENTIFIER | |
| rucl marc code | BD-RJUL |
| 005 - DATE AND TIME OF LATEST TRANSACTION | |
| control field | 20211209075451.0 |
| 008 - FIXED-LENGTH DATA ELEMENTS--GENERAL INFORMATION | |
| fixed length control field | 160823s1990 cou b 001 0 eng |
| 020 ## - INTERNATIONAL STANDARD BOOK NUMBER | |
| International Standard Book Number | 0813380030 (alk. paper) |
| 035 ## - SYSTEM CONTROL NUMBER | |
| System control number | BD-RJUL 50269 |
| System control number | GLIS00533140 |
| 040 ## - CATALOGING SOURCE | |
| Original cataloging agency | DLC |
| Transcribing agency | DLC |
| Modifying agency | MYG |
| Language of cataloging | eng |
| 041 ## - LANGUAGE CODE | |
| Language code of text/sound track or separate title | eng |
| 082 ## - DEWEY DECIMAL CLASSIFICATION NUMBER | |
| Edition number | 20 |
| Classification number | 384.51 |
| Author mark and year | COF 1990 |
| 099 ## - LOCAL FREE-TEXT CALL NUMBER (OCLC) | |
| Bangla Class number | TK5104.C58 1990 |
| 100 1# - MAIN ENTRY--PERSONAL NAME | |
| Personal name | Codding, George A. |
| Fuller form of name | (George Arthur) |
| 9 (RLIN) | 150309 |
| 245 14 - TITLE STATEMENT | |
| Title | The future of satellite communications / |
| Statement of responsibility, etc. | George A. Codding, Jr. |
| 260 ## - PUBLICATION, DISTRIBUTION, ETC. (IMPRINT) | |
| Place of publication, distribution, etc. | Boulder, Colo. : |
| Name of publisher, distributor, etc. | Westview Press, |
| Date of publication, distribution, etc. | 1990. |
| 300 ## - PHYSICAL DESCRIPTION | |
| Pagination | vii, 208 p. ; |
| Size | 23 cm. |
| 490 1# - SERIES STATEMENT | |
| Series statement | Westview special studies in science, technology, and public policy |
| 504 ## - BIBLIOGRAPHY, ETC. NOTE | |
| Bibliography, etc | Includes bibliographical references (p. [191]-201) and index. |
| 650 #0 - SUBJECT ADDED ENTRY--TOPICAL TERM | |
| Topical term or geographic name as entry element | Artificial satellites in telecommunication. |
| 9 (RLIN) | 117364 |
| Topical term or geographic name as entry element | Telecommunication systems. |
| 9 (RLIN) | 150310 |
| 830 #0 - SERIES ADDED ENTRY--UNIFORM TITLE | |
| Uniform title | Westview special studies in science, technology, and public policy. |
| 942 ## - ADDED ENTRY ELEMENTS (KOHA) | |
| Source of classification or shelving scheme | Dewey Decimal Classification |
| Koha item type | Books |
| 949 ## - LOCAL PROCESSING INFORMATION (OCLC) | |
| a | MYGD |
| b | 39080007117416 |
| Lost status | Source of classification or shelving scheme | Damaged status | Not for loan | Collection code | Permanent Location | Current Location | Shelving location | Date acquired | Total Checkouts | Full call number | Date last seen | Copy number | Koha item type |
|---|---|---|---|---|---|---|---|---|---|---|---|---|---|
| Dewey Decimal Classification | Non-fiction | Central Library, University of Rajshahi | Central Library, University of Rajshahi | 09/09/1993 | 384.51 COF 1990 | 23/08/2016 | C-2 | Books |